000 01087nam a2200277 a 4500
001 79346
003 BD-RjUL
005 20241203171633.0
008 220208s2007eng |||a|||| m||| 00| 0 eng d
035 _a(BD-RjUL)79346
040 _aBD-RjUL
_beng
_cBD-RjUL
_dBD-RjUL
041 _aeng
082 _a304.82
_bFAI 2007
_223
100 _aFaruque, Omar, Md.
_91224
245 _aInternational Migration and Labour Rights :
_bObligations, Challnges and policy options for Bangladesh /
_cMd. Omar Faruque ;
_6Supervisor : A H M Zehadul Karim
260 _aRajshahi :
_bInstitute of Bangladesh Studies, University of Rajshahi,
_c2007
300 _axxv, 411 Leaves :
_bill. ;
_c30 cm.
502 _aThesis (Ph. D.) -- Institute of Bangladesh Studies, University of Rajshahi, 2007
504 _aBibliography : Leaves [372]-391
600 _y
_z.
_914552
650 _aMigrant worker.
_92533
650 _aWorkers rights
_92534
651 _aBangladesh
_xEmigration and immigration
_xEconomic aspects.
_92528
700 _aKarim, A H M Zehadul, Supervisor
_91226
942 _2ddc
_cTHE
999 _c79346
_d79346